00828nam a2200205 i 450000100060000000300090000600500170001500700030003200800410003510000430007624500920011925000530021126000740026430000220033849000480036083000560040885200210046499900170048595201200050228399ES-MaACL20250815000203.0t|030117s1927 fr ||||1| fre d1 aBainville, Jacques,d1879-1936 92473512aL'Allemagne romantique et réaliste b: Luis II de Baviére... / cJacques Bainville. aEd. définitive avec un index des noms cités. aParis : bArthème Fayard et Cie, c1927 (eEvreux : fCh. Herissey) a543 p. ; c23 cm.1 aLes ecrivains de la Renaissance Française0 aLes ecrivains de la Renaissance Française9229263 aES-MaACLjA-4333 c28399d28399 00104070aATENEOMbATENEOMcSPP1d2008-01-17eSCl0oA-4333p1029318r2023-02-23 00:00:00w2023-02-23yMONOGRAFIA